| 000 | 00464nam a2200181Ia 4500 | ||
|---|---|---|---|
| 008 | 240925s9999 xx 000 0 und d | ||
| 020 | _a9789834509644 | ||
| 082 | _a650.015195 MAL | ||
| 100 | _aMalim, Muhammad Razi. | ||
| 245 | 0 | _aBusiness Statistics | |
| 250 | _aNA | ||
| 260 |
_aKarachi: _bOxford University Press _c,2011. |
||
| 300 |
_a281p. _b0 _fOriginal |
||
| 500 | _aIncludes Index | ||
| 600 | _aSocial Sciences | ||
| 650 | _aManagement | ||
| 942 | _cBK | ||
| 999 |
_c16697 _d16697 |
||